Význam priemyselnej výroby v rámci hospodárstiev krajín EÚ
Meranie výkonnosti ekonomiky a jej význam pre teóriu a hospodársku politiku. Pomocou makroekonomických veličín, ako sú HDP, hrubý národný produkt, čistý domáci či národný dôchodok vieme pochopiťa vysvetliť otázky týkajúce sa ekonomického rastu, cyklického vývoja ekonomiky, ako aj vzťahy medzi spotre...
Salvato in:
| Autore principale: | |
|---|---|
| Natura: | Capitolo di libro |
| Lingua: | slovacco |
| Soggetti: | |
| Tags: |
Nessun Tag, puoi essere il primo ad aggiungerne!!
|
MARC
| LEADER | 00000nla a2200000 4500 | ||
|---|---|---|---|
| 001 | 0211169 | ||
| 005 | 20240502073523.2 | ||
| 041 | 0 | |a slo | |
| 044 | |a SK | ||
| 245 | 1 | 0 | |a Význam priemyselnej výroby v rámci hospodárstiev krajín EÚ |c Silvia Megyesiová |
| 520 | |a Meranie výkonnosti ekonomiky a jej význam pre teóriu a hospodársku politiku. Pomocou makroekonomických veličín, ako sú HDP, hrubý národný produkt, čistý domáci či národný dôchodok vieme pochopiťa vysvetliť otázky týkajúce sa ekonomického rastu, cyklického vývoja ekonomiky, ako aj vzťahy medzi spotrebou, úsporami, investíciami a vysvetliť otázky makroekonomickej rovnováhy i posúdiť kvalitu života. | ||
| 610 | 2 | 0 | |a politika hospodárska |
| 610 | 2 | 0 | |a priemysel |
| 610 | 2 | 0 | |a produkt domáci hrubý |
| 610 | 2 | 0 | |a meranie výkonnosti |
| 610 | 2 | 0 | |a rast hospodársky |
| 610 | 2 | 0 | |a rovnováha hospodárska |
| 610 | 2 | 0 | |a zamestnanosť |
| 100 | 1 | |a Megyesiová, Silvia, 1969- | |